|
|
|
|
| LEADER |
02518nam a2200637 4500 |
| 001 |
ocn907295957 |
| 003 |
OCoLC |
| 005 |
20170124070229.5 |
| 006 |
m o d |
| 007 |
cr ||||||||||| |
| 008 |
150410s2015 nju o 001 0 eng |
| 010 |
|
|
|a 2015014474
|
| 040 |
|
|
|a DLC
|b eng
|e rda
|c DLC
|d YDX
|d N$T
|d YDXCP
|d DG1
|d IDEBK
|d OCLCF
|d EBLCP
|d CDX
|d COO
|d DEBSZ
|d UMI
|d OCL
|d OCLCQ
|d DEBBG
|d RECBK
|d CCO
|d GrThAP
|
| 019 |
|
|
|a 927715090
|a 959870622
|
| 020 |
|
|
|a 9781119068464 (ePub)
|
| 020 |
|
|
|a 1119068460 (ePub)
|
| 020 |
|
|
|a 9781119068563 (Adobe PDF)
|
| 020 |
|
|
|a 1119068568 (Adobe PDF)
|
| 020 |
|
|
|z 9781119068594 (hardback)
|
| 020 |
|
|
|a 9781119068457
|
| 020 |
|
|
|a 1119068452
|
| 020 |
|
|
|a 1119068592
|
| 020 |
|
|
|a 9781119068594
|
| 029 |
1 |
|
|a DEBSZ
|b 449477525
|
| 029 |
1 |
|
|a DEBBG
|b BV043397703
|
| 035 |
|
|
|a (OCoLC)907295957
|z (OCoLC)927715090
|z (OCoLC)959870622
|
| 037 |
|
|
|a CL0500000668
|b Safari Books Online
|
| 042 |
|
|
|a pcc
|
| 050 |
0 |
0 |
|a TA168
|
| 072 |
|
7 |
|a TEC
|x 009000
|2 bisacsh
|
| 072 |
|
7 |
|a TEC
|x 035000
|2 bisacsh
|
| 082 |
0 |
0 |
|a 620.0068
|2 23
|
| 084 |
|
|
|a TEC008000
|2 bisacsh
|
| 049 |
|
|
|a MAIN
|
| 100 |
1 |
|
|a Zonnenshain, Avigdor.
|
| 245 |
1 |
0 |
|a Managing and engineering complex technological systems /
|c Avigdor Zonnenshain, Shuki Stauber.
|
| 264 |
|
1 |
|a Hoboken, New Jersey:
|b John Wiley & Sons Inc.,
|c 2015.
|
| 300 |
|
|
|a 1 online resource.
|
| 336 |
|
|
|a text
|b txt
|2 rdacontent
|
| 337 |
|
|
|a computer
|b n
|2 rdamedia
|
| 338 |
|
|
|a online resource
|b nc
|2 rdacarrier
|
| 500 |
|
|
|a Includes index.
|
| 520 |
|
|
|a "This book is based on a qualitative study that includes dozens of in-depth interviews with experts in the systems engineering field"--
|c Provided by publisher.
|
| 588 |
|
|
|a Description based on print version record and CIP data provided by publisher.
|
| 650 |
|
0 |
|a Systems engineering.
|
| 650 |
|
0 |
|a Industrial management.
|
| 650 |
|
7 |
|a TECHNOLOGY & ENGINEERING / Electronics / General.
|2 bisacsh
|
| 650 |
|
7 |
|a Industrial management.
|2 fast
|0 (OCoLC)fst00971246
|
| 650 |
|
7 |
|a Systems engineering.
|2 fast
|0 (OCoLC)fst01141455
|
| 655 |
|
4 |
|a Electronic books.
|
| 655 |
|
0 |
|a Electronic books.
|
| 655 |
|
7 |
|a Interviews.
|2 fast
|0 (OCoLC)fst01423832
|
| 700 |
1 |
|
|a Stauber, Shuki.
|
| 776 |
0 |
8 |
|i Print version:
|a Zonnenshain, Avigdor.
|t Managing and engineering complex technological systems
|d Hoboken, New Jersey: John Wiley & Sons Inc., 2015
|z 9781119068594
|w (DLC) 2015000703
|
| 856 |
4 |
0 |
|u https://doi.org/10.1002/9781119068457
|z Full Text via HEAL-Link
|
| 994 |
|
|
|a 92
|b DG1
|